000 00510nam a2200181Ia 4500
999 _c15157
_d15157
003 OSt
005 20201021124212.0
008 190216s9999||||xx |||||||||||||| ||und||
020 _a9781784705374
040 _coclc
082 _a895.635
_bMUR/M
100 _aMurakami, Haruki
_96030
245 0 _aMen Without Women /
_cHaruki Murakami
260 _bPenguin Books,
_c2018.
_aLondon:
300 _a227p
650 _aFiction English
942 _cBK
_2ddc
_h895.635
_iMUR/M
_k895.635
_mMUR/M